<?xml version="1.0" encoding="UTF-8"?>
<marc:record xmlns:marc="http://www.loc.gov/MARC21/slim">
   <marc:leader>00000nam a2200000 a 4500</marc:leader>
   <marc:datafield ind1="1" ind2=" " tag="100">
      <marc:subfield code="a">Dmytryk, Edward</marc:subfield>
   </marc:datafield>
   <marc:datafield ind1="1" ind2=" " tag="100">
      <marc:subfield code="a">Widmark, Richard</marc:subfield>
   </marc:datafield>
   <marc:datafield ind1="1" ind2=" " tag="100">
      <marc:subfield code="a">Tracy, Spencer</marc:subfield>
   </marc:datafield>
   <marc:datafield ind1="0" ind2="0" tag="245">
      <marc:subfield code="a">Die gebrochene Lanze</marc:subfield>
   </marc:datafield>
   <marc:datafield ind1="0" ind2="0" tag="245">
      <marc:subfield code="b">1 CD</marc:subfield>
   </marc:datafield>
   <marc:datafield ind1=" " ind2="1" tag="264">
      <marc:subfield code="b">Twentieth Century Fox</marc:subfield>
      <marc:subfield code="c">2005</marc:subfield>
   </marc:datafield>
   <marc:datafield ind1="1" ind2=" " tag="490">
      <marc:subfield code="a">Classic Western Collection</marc:subfield>
   </marc:datafield>
   <marc:datafield ind1="1" ind2=" " tag="520">
      <marc:subfield code="a">Der Wilde Westen im Jahre 1880. Matt Deveraux, ein alternder Viehbaron, herrscht mit brutaler Härte über seine Leute und macht mit seiner gnadenlosen Selbstherrlichkeit vor nichts und niemanden Halt. Die einzigen Menschen, denen er wahre Gefühle entgegenbringt, sind sein Sohn Joe und dessen indianische Mutter Princess. Matts drei aus erster Ehe stammenden Söhne beobachten das Verhalten ihres Vaters mit Argwohn, denn sie kennen ihren Vater nur als brutalen Tyrannen. Das einzige, was sie ihrem indianischen Halbbruder und dessen Mutter entgegenbringen ist Haß! Nach dem Tod des Familienoberhauptes kommt es zum offenen Kampf...</marc:subfield>
   </marc:datafield>
   <marc:datafield ind1=" " ind2=" " tag="020">
      <marc:subfield code="a">0628990928</marc:subfield>
      <marc:subfield code="9">0628990928</marc:subfield>
   </marc:datafield>
   <marc:datafield ind1=" " ind2=" " tag="500">
      <marc:subfield code="a">Freigegeben ab 16 Jahren</marc:subfield>
   </marc:datafield>
   <marc:datafield ind1="0" ind2=" " tag="490">
      <marc:subfield code="v">0</marc:subfield>
   </marc:datafield>
   <marc:datafield ind1=" " ind2=" " tag="300">
      <marc:subfield code="a">92 min.</marc:subfield>
   </marc:datafield>
</marc:record>
